000
00289nam a2200121Ia 4500
008
190216s9999||||xx |||||||||||||| ||und||
100
_a
Rengasamy P
245
0
_a
Paths Of Glory An Anthology Of Biographies
260
_b
Macmillan
_c
1984
300
_a
65
650
_a
English
942
_c
BK
999
_c
13578
_d
13578